| 000 | 01088aab a2200205 i 4500 | ||
|---|---|---|---|
| 001 | 768714001 | ||
| 003 | CO-MdFUSB | ||
| 005 | 20240422095954.0 | ||
| 008 | 221007s1995 ag ||||| |||| 00| 0 spa d | ||
| 040 |
_bspa _cCO-MdFUSB _dCO-MdFUSB |
||
| 041 | _aspa | ||
| 100 | 1 |
_aCamargo López, Jesús _eautor |
|
| 245 | 1 | 3 |
_aLa intervención terapéutica en familias _c/ Jesús Camargo López , Carmen Pérez de Camargo |
| 300 |
_aVolumen 14, número 1 (enero - marzo, 1995), páginas: 20 - 21 _c; 27 cm |
||
| 520 | _aParte del ministerio que el Señor Jesús ha delegado a sus seguidores es sanar heridas, enfermedades, dolencias de diverso tipo y no hay duda de que hay que desempeñar este ministerio con un corazón de siervo. El consejero a su vez requiere de un pastoreo especial y ha de tener la humildad y la habilidad de recurrir a otros que le guíen. | ||
| 650 | 0 |
_9228 _aConsejería pastoral |
|
| 700 | 1 |
_aPérez de Camargo, Carmen _eautor |
|
| 773 | 0 |
_tIglesia y Misión _049402 _959644 _g Volumen 14, número 1 (enero - marzo, 1995), páginas: 20 - 21 _qpágina: 20 |
|
| 942 | _cANA | ||
| 999 |
_c52121 _d52121 |
||